Nong ji ju / (Record no. 12822)

MARC details
000 -LEADER
fixed length control field 01164cam a2200301 a 4500
001 - CONTROL NUMBER
control field c 63002159
003 - CONTROL NUMBER IDENTIFIER
control field DLC
005 - DATE AND TIME OF LATEST TRANSACTION
control field 20260227111034.0
008 - FIXED-LENGTH DATA ELEMENTS--GENERAL INFORMATION
fixed length control field 031103s1960 ch a b 001 0 chi
010 ## - LIBRARY OF CONGRESS CONTROL NUMBER
LC control number c 63002159
035 ## - SYSTEM CONTROL NUMBER
System control number (CStRLIN)DCLP03-B16405
040 ## - CATALOGING SOURCE
Original cataloging agency DLC
Transcribing agency DLC-R
Modifying agency DLC-R
-- DLC
050 00 - LIBRARY OF CONGRESS CALL NUMBER
Classification number S676
Item number .C49
066 ## - CHARACTER SETS PRESENT
Alternate G0 or G1 character set $1
100 1# - MAIN ENTRY--PERSONAL NAME
Linkage 880-01
Personal name Chen, Xiaozu.
245 10 - TITLE STATEMENT
Linkage 880-02
Title Nong ji ju /
Statement of responsibility, etc. Chen Xiaozu bian zhu = Farm implement & machinery / by Hsiao-tzu Chen.
246 31 - VARYING FORM OF TITLE
Title proper/short title Farm implement & machinery
246 31 - VARYING FORM OF TITLE
Title proper/short title Farm implement and machinery
250 ## - EDITION STATEMENT
Edition statement 1st ed.
260 ## - PUBLICATION, DISTRIBUTION, ETC.
Linkage 880-03
Place of publication, distribution, etc. [Taizhong] :
Name of publisher, distributor, etc. Dept. of Agricultural Education, Taiwan Provincial College of Agriculture,
Date of publication, distribution, etc. 1960.
300 ## - PHYSICAL DESCRIPTION
Extent 5, 322 p. :
Other physical details ill. ;
Dimensions 22 cm.
546 ## - LANGUAGE NOTE
Language note In Chinese.
504 ## - BIBLIOGRAPHY, ETC. NOTE
Bibliography, etc. note Includes bibliographical references (p. 320-322) and index.
650 #0 - SUBJECT ADDED ENTRY--TOPICAL TERM
Topical term or geographic name entry element Agricultural implements.
880 1# - ALTERNATE GRAPHIC REPRESENTATION
Linkage 100-01/$1
a 陳孝祖.
880 10 - ALTERNATE GRAPHIC REPRESENTATION
Linkage 245-02/$1
a 農機具 /
c 陳孝祖編著 = Farm implement & machinery / by Hsiao-tzu Chen.
880 ## - ALTERNATE GRAPHIC REPRESENTATION
Linkage 260-03/$1
a [臺中] :
b Dept. of Agricultural Education, Taiwan Provincial College of Agriculture,
c 1960.

No items available.

Powered by Koha